|
|
|
|
| LEADER |
01400nam a2200313 a 4500 |
| 001 |
1353754 |
| 008 |
121010s1997 nyu b 001 0 eng d |
| 010 |
|
|
|a 80008654
|
| 020 |
|
|
|a 0394509234
|
| 020 |
|
|
|a 009959501X
|
| 020 |
|
|
|a 0394748085 (pbk.)
|
| 020 |
|
|
|a 0679758909
|
| 040 |
|
|
|a DLC
|c DLC
|d DLC
|d BD-DhAAL
|
| 082 |
0 |
0 |
|a 909/.097671
|2 19
|
| 999 |
|
|
|c 12914
|d 12914
|
| 999 |
|
|
|c 12914
|
| 100 |
1 |
|
|a Said, Edward W.
|9 5622
|
| 245 |
1 |
0 |
|a Covering Islam :
|b how the media and the experts determine how we see the rest of the world /
|c Edward W. Said.
|
| 260 |
|
|
|a New York :
|b Pantheon Books ;
|b Vintage Books,
|c c1997.
|
| 300 |
|
|
|a lxxx, 200 p. ;
|c 22 cm.
|
| 504 |
|
|
|a Includes bibliographical references (p. 175-187) and index.
|
| 541 |
1 |
|
|e 00026039
|
| 650 |
|
0 |
|a Islam
|x Public opinion.
|9 5655
|
| 650 |
|
0 |
|a Public opinion
|z United States.
|9 5656
|
| 650 |
|
0 |
|a Public opinion
|z Europe.
|9 5657
|
| 852 |
1 |
|
|a Ayesha Abed Library
|j General shelf
|
| 942 |
|
|
|2 ddc
|c BK
|
| 952 |
|
|
|0 0
|1 0
|4 0
|6 909_097671000000000_SAI
|7 0
|9 21311
|a BRACUL
|b BRACUL
|c GEN
|d 2012-10-10
|e Trim Education
|g 1875.00
|l 5
|m 5
|o 909.097671 SAI
|p 3010026039
|r 2015-07-14
|s 2015-07-07
|t 1
|w 2012-10-10
|y BK
|
| 952 |
|
|
|0 0
|1 0
|2 ddc
|4 0
|6 909_097671000000000_SAI
|7 0
|9 43847
|a BRACUL
|b BRACUL
|c GEN
|d 2014-10-16
|e Friend's Book Corner
|g 100.00
|l 2
|o 909.097671 SAI
|p 3010028480
|r 2025-06-19
|s 2025-05-25
|t 2
|w 2014-10-16
|y BK
|x Transferred from BIL to BRACUL on 06/06/22
|